000 00312nam a22001337a 4500
008 181011b xxu||||| |||| 00| 0 eng d
020 _a9781437722567
041 _aeng
080 _a610
100 _a4
101 _aSHM
245 _aInsurance Handbook for the Medical Office
_cFordney, M.T
942 _2udc
_cBK
999 _c49407
_d49407